[Event "1st Online FIDE Cup for disabled players"]
[Site "T#646224FIDE"]
[Date "2020.05.21"]
[Round "5"]
[White "Thuyttb80"]
[Black "LongGong"]
[Result "1-0"]
[WhiteElo "1485"]
[BlackElo "1566"]
[Annotator "NA"]
[PlyCount "109"]
[EventDate "2020.05.21"]
[EventType "swiss (blitz)"]

1. d4 {[%emt 0:00:03]} Nf6 {[%emt 0:00:06]} 2. Nc3 {[%emt 0:00:01]} Nc6 {[%emt 0:00:11]} 3. Bf4 {[%emt 0:00:03]} e6 {[%emt 0:00:45]} 4. e4 {[%emt 0:00:06]} d6 {[%emt 0:00:13]} 5. Nf3 {[%emt 0:00:27]} Be7 {[%emt 0:00:19]} 6. h3 {[%emt 0:00:22]} O-O {[%emt 0:00:19]} 7. Be2 {[%emt 0:00:04]} d5 {[%emt 0:00:34]} 8. e5 {[%emt 0:00:13]} Ne4 {[%emt 0:00:25]} 9. O-O {[%emt 0:00:54]} f6 {[%emt 0:00:34]} 10. Bd3 {[%emt 0:01:28]} f5 {[%emt 0:01:03]} 11. Qc1 {[%emt 0:02:34]} Bd7 {[%emt 0:00:39]} 12. a3 {[%emt 0:00:29]} Be8 {[%emt 0:00:06]} 13. Ne2 {[%emt 0:01:18]} b6 {[%emt 0:02:31]} 14. c3 {[%emt 0:00:47]} Na5 {[%emt 0:00:35]} 15. Rb1 {[%emt 0:01:33]} Rc8 {[%emt 0:00:25]} 16. Bxe4 {[%emt 0:00:29]} fxe4 {[%emt 0:00:22]} 17. Nh2 {[%emt 0:00:23]} c5 {[%emt 0:00:55]} 18. f3 {[%emt 0:00:04]} Nb3 {[%emt 0:00:53]} 19. Qe3 {[%emt 0:00:08]} cxd4 {[%emt 0:00:11]} 20. Nxd4 {[%emt 0:00:06]} Nxd4 {[%emt 0:00:08]} 21. cxd4 {[%emt 0:00:02]} Bg6 {[%emt 0:00:09]} 22. fxe4 {[%emt 0:00:03]} dxe4 {[%emt 0:00:04]} 23. Ng4 {[%emt 0:00:10]} Qd7 {[%emt 0:00:25]} 24. Kh2 {[%emt 0:00:03]} Qd8 {[%emt 0:00:04]} 25. Rbc1 {[%emt 0:00:05]} Qd7 {[%emt 0:00:02]} 26. Rxc8 {[%emt 0:00:07]} Qxc8 {[%emt 0:00:02]} 27. Rc1 {[%emt 0:00:02]} Qd7 {[%emt 0:00:03]} 28. Rc4 {[%emt 0:00:04]} b5 {[%emt 0:00:03]} 29. Rc2 {[%emt 0:00:04]} a6 {[%emt 0:00:02]} 30. g3 {[%emt 0:00:01]} Qd5 {[%emt 0:00:04]} 31. Nf2 {[%emt 0:00:02]} Bd8 {[%emt 0:00:05]} 32. Qc3 {[%emt 0:00:02]} Be7 {[%emt 0:00:03]} 33. Qc6 {[%emt 0:00:02]} Qb3 {[%emt 0:00:13]} 34. Qc3 {[%emt 0:00:03]} Qa2 {[%emt 0:00:02]} 35. Qc6 {[%emt 0:00:05]} Qb3 {[%emt 0:00:02]} 36. Nd1 {[%emt 0:00:07]} Be8 {[%emt 0:00:05]} 37. Qc3 {[%emt 0:00:02]} Qxc3 {[%emt 0:00:03]} 38. Rxc3 {[%emt 0:00:01]} h6 {[%emt 0:00:06]} 39. h4 {[%emt 0:00:08]} Rf5 {[%emt 0:00:05]} 40. Ne3 {[%emt 0:00:02]} Rf8 {[%emt 0:00:02]} 41. Nd1 {[%emt 0:00:04]} Bg6 {[%emt 0:00:02]} 42. Rc7 {[%emt 0:00:02]} Bxh4 {[%emt 0:00:12]} 43. Rc6 {[%emt 0:00:05]} Bg5 {[%emt 0:00:06]} 44. Rxe6 {[%emt 0:00:03]} Bxf4 {[%emt 0:00:04]} 45. gxf4 {[%emt 0:00:01]} Kh7 {[%emt 0:00:02]} 46. Kg3 {[%emt 0:00:07]} Bf5 {[%emt 0:00:06]} 47. Rxa6 {[%emt 0:00:02]} g5 {[%emt 0:00:03]} 48. fxg5 {[%emt 0:00:04]} hxg5 {[%emt 0:00:02]} 49. Ne3 {[%emt 0:00:01]} Bg6 {[%emt 0:00:03]} 50. Rf6 {[%emt 0:00:08]} Rd8 {[%emt 0:00:06]} 51. d5 {[%emt 0:00:02]} Kh6 {[%emt 0:00:05]} 52. d6 {[%emt 0:00:02]} Kh5 {[%emt 0:00:01]} 53. Nd5 {[%emt 0:00:14]} Kh6 {[%emt 0:00:15]} 54. Nc7 {[%emt 0:00:05]} Kg7 {[%emt 0:00:02]} 55. Ne6+ {[%emt 0:00:02] LongGong resigns (Lag: Av=0.84s, max=2.5s)} 1-0

[Event "1st Online FIDE Cup for disabled players"]
[Site "T#646224FIDE"]
[Date "2020.05.21"]
[Round "5"]
[White "Maka_natelauri"]
[Black "BandaNimzo"]
[Result "0-1"]
[WhiteElo "1112"]
[BlackElo "1641"]
[Annotator "NA"]
[PlyCount "60"]
[EventDate "2020.05.21"]
[EventType "swiss (blitz)"]

1. e4 {[%emt 0:00:05]} Nf6 {[%emt 0:00:06]} 2. e5 {[%emt 0:00:08]} Nd5 {[%emt 0:00:03]} 3. d4 {[%emt 0:00:08]} d6 {[%emt 0:00:03]} 4. exd6 {[%emt 0:00:07]} cxd6 {[%emt 0:00:04]} 5. h3 {[%emt 0:00:09]} e6 {[%emt 0:00:06]} 6. Nf3 {[%emt 0:00:06]} Be7 {[%emt 0:00:04]} 7. c4 {[%emt 0:00:16]} Nf6 {[%emt 0:00:08]} 8. Bd3 {[%emt 0:00:06]} Nbd7 {[%emt 0:00:15]} 9. Nc3 {[%emt 0:00:12]} b6 {[%emt 0:00:06]} 10. Be3 {[%emt 0:00:08]} Bb7 {[%emt 0:00:04]} 11. O-O {[%emt 0:00:18]} O-O {[%emt 0:00:05]} 12. Re1 {[%emt 0:00:53]} Re8 {[%emt 0:00:13]} 13. b4 {[%emt 0:01:42]} a6 {[%emt 0:00:23]} 14. d5 {[%emt 0:00:30]} e5 {[%emt 0:00:39]} 15. Ne4 {[%emt 0:00:19]} Nxe4 {[%emt 0:00:19]} 16. Bxe4 {[%emt 0:00:04]} Nf6 {[%emt 0:00:04]} 17. Ng5 {[%emt 0:00:19]} h6 {[%emt 0:00:21]} 18. Nf3 {[%emt 0:00:28]} Nxe4 {[%emt 0:00:17]} 19. Bxh6 {[%emt 0:00:07]} Nf6 {[%emt 0:00:15]} 20. Bg5 {[%emt 0:00:12]} b5 {[%emt 0:00:10]} 21. Qc2 {[%emt 0:00:47]} bxc4 {[%emt 0:00:19]} 22. Qxc4 {[%emt 0:00:07]} Bxd5 {[%emt 0:00:09]} 23. Qd4 {[%emt 0:00:09]} exd4 {[%emt 0:00:10]} 24. Nxd4 {[%emt 0:00:10]} Ne4 {[%emt 0:00:13]} 25. Be3 {[%emt 0:00:11]} Bf6 {[%emt 0:00:11]} 26. Rad1 {[%emt 0:00:08]} Bb7 {[%emt 0:00:10]} 27. Bf4 {[%emt 0:00:40]} Nc3 {[%emt 0:00:18]} 28. Rd2 {[%emt 0:00:06]} Rxe1+ {[%emt 0:00:08]} 29. Kh2 {[%emt 0:00:07]} Bxd4 {[%emt 0:00:06]} 30. Re2 {[%emt 0:00:05]} Nxe2 {[%emt 0:00:09] Maka_natelauri resigns (Lag: Av=0.87s, max=1.6s)} 0-1